| 000 | 00527 a2200193 4500 | ||
|---|---|---|---|
| 001 | 066085 | ||
| 003 | OSt | ||
| 005 | 20210909154108.0 | ||
| 008 | |||
| 020 | _a9780748624515 | ||
| 082 |
_a801.95097 _bM72M |
||
| 245 | 1 |
_aModern North American criticism and theory _cedited by Jullian Wolfreys |
|
| 260 |
_aEdinburgh _bEdinburgh University Press _c2006 |
||
| 300 | _a236p. | ||
| 630 | _aEnglish | ||
| 690 | _aNorth America; Criticism | ||
| 700 | _eWolfreys, Jullian, ed. | ||
| 942 |
_2ddc _cBK |
||
| 999 |
_c277 _d277 |
||